[Event "Bazna Kings 3rd"]
[Site "Bazna"]
[Date "2009.06.14"]
[Round "1"]
[White "Nisipeanu, Liviu Dieter"]
[Black "Ivanchuk, Vassily"]
[Result "0-1"]
[WhiteElo "2675"]
[BlackElo "2746"]
[Annotator "Ftacnik,L"]
[PlyCount "67"]
[EventDate "2009.06.14"]
[EventType "tourn"]
[EventRounds "10"]
[EventCountry "ROU"]
[EventCategory "20"]
[SourceTitle "CBM 131"]
[Source "ChessBase"]
[SourceDate "2009.07.15"]
[SourceVersion "1"]
[SourceVersionDate "2009.07.15"]
[SourceQuality "1"]

1. e4 e5 2. Nf3 Nc6 3. Bb5 a6 4. Ba4 Nf6 5. O-O Be7 6. Re1 b5 7. Bb3 d6 8. c3
O-O 9. h3 Re8 10. d4 Bb7 11. Nbd2 Bf8 12. Bc2 h6 {An important moment of
decision for Black. The choice between three big moves is not easy. The idea
with h6 (restricting White and waiting at the same time) is the least tested.}
(12... Nb8) (12... g6) 13. d5 Ne7 14. b3 c6 15. c4 cxd5 16. cxd5 Nd7 {The swap
of the pawns on the d5-square has been played only a few times. The defender
is dreaming about undermining the white centre with the f7-f5 advance.} (16...
Rc8 17. Nf1 (17. Bb2 Ng6 18. g3 Qd7 19. Kg2 Rc7 20. Nf1 Rec8 21. Rc1 Be7 22.
Bb1 Nh7 23. Ne3 Ng5 24. Nxg5 Bxg5 25. Rxc7 Rxc7 {1/2-1/2 Ziaziulkina,N (1950)
-Bezgodova,S (2214)/St Petersburg 2009 (59)} 26. h4 $14) 17... Nh5 18. a4 Qc7
19. Bd3 f5 (19... Qc3 20. Rb1 $14) 20. axb5 fxe4 21. Rxe4 $1 Qc3 22. Ba3 Nf6 (
22... Nf4 23. bxa6 Bxd5 24. Re3 Bxb3 $6 25. Qb1 $1 $18) 23. Bxd6 $1 Nxe4 24.
Bxe4 axb5 25. Ra7 {1-0 Topalov,V (2630)-Piket,J (2670)/Amsterdam 1995/ (40)})
17. a4 {The strategy chosen by Nisipeanu is easy to grasp. If Black decides to
blow up White's centre, the slow "Spanish" transfer of the knight via the
f1-square may turn out to have been a waste of time. White prefers to invest
his energy in weakening the b5-pawn.} (17. Nf1 f5 18. exf5 Nxd5 19. Ng3 (19. b4
N7b6 20. Be4 Qd7 21. N1h2 Rac8 22. Ng4 Rc4 (22... h5 23. Ne3 Nxe3 24. Rxe3 Bxe4
25. Rxe4 Qxf5 $17) 23. Bd2 h5 24. Ngh2 Nc3 25. Bxc3 Rxe4 26. Rxe4 Bxe4 27. Ng5
Bxf5 28. Qxh5 Nd5 {0-1 Polgar,J (2711)-Morozevich,A (2788)/Mainz 2008 (71)})
19... Rc8 20. Bd2 b4 21. Ne4 N7f6 22. Bd3 Nc3 23. Bxc3 bxc3 {0-1 Gara,A (2303)
-Bjornsson,S (2297)/Budapest 2001 (48)}) (17. g4 Ng6 18. Nf1 Nf4 19. Kh2 Rc8
20. Bd2 h5 21. Ne3 hxg4 22. hxg4 Nf6 23. Rg1 g6 24. Rc1 Qd7 25. Rg3 $17 {
1-0 Ivanchuk,V (2779)-Morozevich,A (2771)/Nice 2009 (50)}) 17... f5 18. axb5 (
18. exf5 Nxd5 19. Ne4 (19. Bb2 Nf4 $11) 19... Nb4 20. Bb1 d5 21. Ng3 Bc5 22.
axb5 Qb6 23. Be3 d4 24. Bd2 d3 (24... Qxb5 $5 $11) 25. Ne4 Bxe4 $2 (25... axb5
26. Rxa8 Rxa8 27. Nxc5 Qxc5 28. Bxb4 Qxb4 29. Bxd3 Bxf3 30. gxf3 $14) 26. Rxe4
$16 {0-1 Shchekachev,A (2551)-Lin Ta (2361)/Bad Zwesten 2003 (40)}) (18. Ba3
Nf6 19. exf5 Nexd5 $11) 18... axb5 {Ivanchuk was clearly unprepared for the
resolution of the centre, so he has to consent to the exchange of rooks.} (
18... fxe4 $2 19. Nxe4 Nxd5 20. bxa6 $18) 19. Rxa8 Qxa8 (19... Bxa8 20. Bd3 Qb6
21. Qe2 fxe4 22. Nxe4 Rb8 23. Be3 Qa6 24. Nh4 Bxd5 25. Qg4 $13) 20. Bd3 Nf6 {
[%mdl 4] The mounting of the pressure against the squares e4 and d5 is
unpleasant for the first player. Analysis proves that immediate action in the
centre was good enough for equality.} (20... fxe4 21. Nxe4 Nxd5 22. Bxb5 Bc6
23. Bc4 N7b6 24. Nh4 Re6 25. Qg4 Qe8 $11) 21. Bxb5 (21. exf5 Bxd5 22. Nh4 Bc6
23. Qe2 Qa5 $11) 21... Rc8 22. Bc4 {The active taking of the f5-pawn with the
ambition of attacking along the light squares would mean bigger problems for
Black.} (22. exf5 $5 Nxf5 (22... Bxd5 23. Nh4 $16) 23. Bd3 Ne7 24. Nc4 Nexd5
25. Bf5 Rc7 26. Be6+ Kh7 27. Qc2+ e4 28. Bd2 Nb6 $13) 22... fxe4 23. Nxe4 Nxe4
24. Rxe4 Bxd5 25. Rg4 Kh8 {The well known strategy of directing the attention
towards Black's kingside should not be too effective. Ivanchuk is enjoying
sufficient counterplay in the centre and on the queenside.} (25... h5 26. Re4
g6 $11) 26. Be3 (26. Bb2 Bxf3 27. Qxf3 Qxf3 28. gxf3 d5 29. Bd3 Rb8 $11) 26...
Bxf3 27. gxf3 (27. Qxf3 Qxf3 28. gxf3 d5 29. Ba6 Rc3 $15) 27... d5 28. Bd3 Rc3
29. Bb1 {Nisipeanu was beginning to feel uncomfortable, since his mighty
opponent's centre could start to advance.} (29. b4 Qa3 30. Bf1 d4 31. Bd2 Rxf3
$15) 29... d4 (29... Qa3 30. b4 Qb3 $15) 30. Be4 $1 Qa2 31. Bd2 Rxb3 (31...
Qxb3 32. Qxb3 Rxb3 33. f4 Rb2 34. Ba5 $11) 32. Kg2 $2 {The respect paid to
hise famous opponent has surely complicated White's defence. Under pressure
Nisipeanu has missed the chance to sacrifice the piece for the draw with a
repetition moves.} (32. f4 $1 d3 33. Kg2 Rb1 34. Qf3 Qxd2 35. Bxd3 Rb8 (35...
Rb3 $2 36. Qa8 $16) 36. Qe4 Kg8 (36... g6 $2 37. Qxe5+ Kh7 38. Qxb8 Qxd3 39.
Qxf8 $18) 37. Bc4+ Kh8 38. Bd3 $11) 32... Rb2 33. Be1 (33. Bc1 Rxf2+ 34. Kg1 d3
35. Bxd3 (35. Qxd3 Re2) 35... Nd5 36. Bc4 Bc5 37. Bxa2 Rd2+ 38. Kh1 Rxd1+ $19)
33... Nd5 34. Kg1 {The crisis has culminated with the unfortunate retreat of
the king, White resigned without waiting for the blow to fall.} (34. Kg1 Nf6
35. Rg6 Nxe4 36. fxe4 Rb1 $19) (34. Bxd5 Qxd5 35. Qd3 Be7 $17) 0-1

[Event "Bazna Kings 3rd"]
[Site "Bazna"]
[Date "2009.06.22"]
[Round "8"]
[White "Gelfand, Boris"]
[Black "Ivanchuk, Vassily"]
[Result "1/2-1/2"]
[WhiteElo "2733"]
[BlackElo "2746"]
[Annotator "CB"]
[PlyCount "39"]
[EventDate "2009.06.14"]
[EventType "tourn"]
[EventRounds "10"]
[EventCountry "ROU"]
[EventCategory "20"]
[SourceTitle "CBM 131"]
[Source "ChessBase"]
[SourceDate "2009.07.15"]
[SourceVersion "1"]
[SourceVersionDate "2009.07.15"]
[SourceQuality "1"]

1. Nf3 c5 2. c4 Nc6 3. d4 cxd4 4. Nxd4 e6 5. Nb5 d6 6. g3 a6 7. N5c3 Nf6 8. Bg2
Be7 9. O-O O-O 10. Bf4 Qc7 {This natural move is new.} 11. Na3 Rd8 12. Rc1 {
Typically for such positions White threatens Nc3-d5.} Ne5 13. Qb3 Nfd7 ({
The development of the bishop via d7 to c6 is bad because of the mentioned
idea Nc3-d5:} 13... Bd7 14. Rfd1 Bc6 15. Nd5 exd5 16. cxd5 {and the change of
pawn structure favours White.}) 14. Rfd1 Rb8 {# Black's plan is to complete
development with b6 and Bb7, after which he will have a good version of the
so-called Hedgehog structure. All he has to do is to watch out for some
tactical tricks.} 15. Be3 Re8 $1 {The main advantage of this move is that it
frees square d8 for the queen.} (15... b6 {would be a big tactical mistake in
view of} 16. Ncb5 axb5 17. Nxb5 {and the black queen is trapped! After the
forced} Nc5 18. Nxc7 Nxb3 19. axb3 {White remains with a pawn up in endgame.})
16. Ba7 Ra8 17. Bd4 Rb8 {White won a tempo by transferring the bishop to d4,
but this changes nothing: Black is ready again to play 18...b6, with equality.
Gelfand took a good practical decision to force a draw. After all White is not
better and Ivanchuk had time advantage. Moreover, such Hedgehog-type of
positions are very tricky and any inaccuracy from White's side can be severely
punished. So Gelfand decided to repeat the position.} 18. Ba7 Ra8 19. Bd4 Rb8
20. Ba7 1/2-1/2

[Event "Biel GM 42nd"]
[Site "Biel"]
[Date "2009.07.27"]
[Round "7"]
[White "Ivanchuk, Vassily"]
[Black "Alekseev, Evgeny V"]
[Result "1/2-1/2"]
[WhiteElo "2703"]
[BlackElo "2714"]
[Annotator "Krasenkow,M"]
[PlyCount "121"]
[EventDate "2009.07.19"]
[EventType "tourn"]
[EventRounds "10"]
[EventCountry "SUI"]
[EventCategory "19"]
[SourceTitle "CBM 132"]
[Source "ChessBase"]
[SourceDate "2009.09.16"]
[SourceVersion "1"]
[SourceVersionDate "2009.09.16"]
[SourceQuality "1"]

1. d4 Nf6 2. c4 e6 3. Nc3 Bb4 4. Qc2 O-O 5. a3 Bxc3+ 6. Qxc3 d5 7. e3 b6 8. Nf3
Bb7 9. b3 Nbd7 10. Be2 c5 11. O-O Rc8 {This line was examined in CBM 110,
annotations to Dreev-Bologan, and CBM 111, annotations to Bocharov-Smirnov by
GM V.Golod. In this typical position, after the central tension is discharged
one way or another, White will keep a small plus due to his bishop pair but
the good position of Black's pieces reduces that advantage to a minimum.} 12.
a4 {Practice has also seen:} (12. Bb2 {is harmless since b2 is not necessarily
the best square for this bishop:} cxd4 (12... Ne4 $5 13. Qd3 Qe7 14. Rac1 Rfd8
15. Qb1 dxc4 16. bxc4 cxd4 17. exd4 Ng5 $11 18. Nd2 $2 Nh3+ 19. Kh1 Nf4 20. Bf3
Ne5 $1 21. Bxb7 Qxb7 22. f3 Ned3 $17 {0-1 Samuelsen,C (2055)-Rowson,J (2494)/
Torshavn 2000/CBM 078 ext (68)}) 13. exd4 dxc4 14. bxc4 b5 (14... Qc7 15. a4
Nd5 16. cxd5 Qxc3 17. Bxc3 Rxc3 18. dxe6 fxe6 19. a5 Rf4 20. axb6 axb6 21. Rfd1
Bd5 22. Ne1 Nb8 23. Rdb1 Nc6 24. Rxb6 Kf7 25. Nf3 {1/2 Bellmann,H (2496)
-Behling,H (2323)/corr 2001/Telechess 86/[Bellmann]}) 15. c5 a6 (15... Nd5 16.
Qd2 Bc6 $1 $11 {[%cal Ya7a5] A.Nikitin}) 16. a4 Nd5 17. Qd2 b4 (17... Bc6 $5
18. axb5 axb5 $10 {A.Karpov, I.Zaitsev}) 18. a5 $1 Qc7 19. Rfc1 Qf4 20. Bf1
Rfd8 21. Qxf4 Nxf4 22. Ra4 (22. g3 $5 {A.Karpov, I.Zaitsev}) 22... Nd5 23. Nd2
$1 Rc7 $1 24. Raa1 Nb8 $1 $10 {1/2 Karpov,A (2725)-Kasparov,G (2760)/Moscow
1988/URS-ch (30)}) (12. Rd1 cxd4 13. exd4 (13. Qxd4 $5 {V.Golod}) 13... Ba6 14.
a4 Qc7 15. Ba3 (15. a5 $5 b5 16. c5 b4 17. Qe3 {V.Golod}) 15... Rfe8 $6 (15...
Rfd8 $142 16. Be7 Re8 $11 {V.Golod}) 16. Bf1 (16. Ne5 $5 {V.Golod}) 16... dxc4
17. bxc4 e5 18. Re1 Ng4 19. h3 exd4 20. Qxd4 Ngf6 21. Nh4 (21. Bd6 $142 Qc6 22.
Ne5 Nxe5 23. Bxe5 $14 {V.Golod}) 21... Rxe1 $6 (21... Nc5 $5 22. Nf5 Nce4 $13 {
V.Golod}) 22. Rxe1 Re8 23. Rxe8+ Nxe8 24. Nf5 $14 {1/2 Dreev,A (2694)-Bologan,
V (2682)/Stepanakert 2005/CBM 110/[Golod,V] (46)}) 12... Qc7 (12... cxd4 13.
exd4 Ba6 $6 (13... Qc7 $142 {V.Golod}) 14. Ba3 Re8 15. Rac1 $14 Rc7 (15... dxc4
16. bxc4 Qc7 17. Qe3 e5 18. d5 Nc5 19. a5 $1 $16 {V.Golod}) 16. Qb2 Ne4 17.
Rfd1 Qa8 18. Rc2 Rec8 19. Rdc1 dxc4 $6 20. bxc4 Re8 21. h3 h6 22. Bb4 Nef6 23.
a5 $1 $16 {1-0 Bocharov,D (2592)-Smirnov,P (2637)/Khanty Mansiysk 2005/CBM 111/
[Golod,V] (33)}) (12... a5 $5 13. Rd1 Qc7 14. Ba3 dxc4 15. bxc4 Ng4 16. h3 Bxf3
17. Bxf3 Qh2+ 18. Kf1 Ngf6 19. Ke2 $14 {1/2 Rodshtein,M (2457)-Ivanov,S (2538)/
Stockholm 2006/CBM 110 ext (46)}) (12... dxc4 $5 13. bxc4 Qc7 14. Rd1 Rfd8 15.
Bb2 cxd4 16. exd4 Qf4 17. Qe3 Qxe3 18. fxe3 a5 19. Nd2 Ne4 20. Nxe4 Bxe4 21.
Rdc1 (21. Ra3 $5) 21... Nc5 22. Ra3 Bc6 23. Bc3 Nxa4 24. Be1 $44 {1/2 Carlsen,
M (2772)-Bacrot,E (2721)/Dortmund GER 2009/The Week in Chess 766 (39)}) 13. Rd1
(13. Bb2 Rfd8 (13... dxc4 $5 14. Bxc4 $5 Bxf3 15. gxf3 {A.Mikhalevski}) 14.
Rfc1 $1 Qb8 15. dxc5 Rxc5 16. b4 Rcc8 17. Qd4 $1 $14 dxc4 18. Rxc4 Rxc4 19.
Qxc4 Rc8 20. Qd4 Be4 21. Ne1 $1 a5 22. Bb5 Bc6 23. Nd3 Bxb5 24. axb5 Rc2 25.
bxa5 bxa5 26. Rxa5 $1 Rd2 27. g3 $16 {1/2 Mikhalevski,A (2464)-Palac,M (2573)/
Paris 2000/EXT 2001 (67)}) 13... Rfe8 14. Bb2 dxc4 15. Bxc4 Ne4 (15... Bd5 $5 {
deserves attention, forcing the exchange of bishops. However, GM Evgeny
Alekseev, a Nimzo-Indian specialist, definitely knows what he is doing.}) 16.
Qc2 Ndf6 17. dxc5 Qxc5 {The symmetry of the pawn structure gives Black good
chances to equalise.} 18. Qe2 (18. Ne5 Nd6 19. Bd4 Qc7 20. Rac1 Qe7 $11) 18...
Qh5 19. h3 Rc5 20. Rac1 h6 (20... Rec8 $5) 21. Nd4 (21. b4 Rcc8 22. Ba6 Rxc1
23. Rxc1 Qd5) 21... Qh4 {A small inaccuracy. Surprisingly, the black queen
soon becomes quite passive here.} (21... Qg5 $142) 22. Nf3 Qh5 23. Nd4 Qh4 24.
f3 $1 Nd6 (24... Ng3 $6 25. Qf2 {[%csl Rg3,Rh4]}) 25. Bb5 (25. Bd3 $5 Rg5 $140
26. Ba3 $36) (25. Nb5 $5 Nxc4 26. Rxc4 Rxc4 27. bxc4 Ra8 28. e4 $14 {[%csl Rb7]
}) 25... Rxc1 26. Rxc1 Nxb5 27. Qxb5 (27. Nxb5 $5 Ba6 28. Rc7 Ra8 $14) 27...
Rd8 28. Qe5 Qg5 {Finally trading this queen.} 29. Qxg5 hxg5 30. e4 Rd7 {
[%mdl 4096] White still keeps a small plus in this endgame (first of all, his
bishop is more active) but it is not enough to win.} 31. Nb5 a6 32. Na3 Nh5 33.
Be5 f6 34. Bb8 (34. Bc7 Rd3) 34... Nf4 35. Bxf4 (35. Rc7 Rxc7 36. Bxc7 Bc6 37.
Bxb6 Ne2+ 38. Kf2 Nc1) 35... gxf4 36. Nc4 Rc7 37. Rd1 b5 38. Na5 Bc8 39. axb5
axb5 40. b4 e5 41. Rd6 Kf8 42. Rb6 Bd7 43. Nb3 Ra7 44. Nc5 Be8 45. h4 Ke7 46.
Kh2 Kf8 47. Kh3 Bh5 $6 {A risky sortie. Black had nothing to worry about after}
(47... Ra1 {, e.g.} 48. Kg4 Rg1 49. Kf5 Rxg2 50. Rb7 Bh5 {, and White must
force a draw by} 51. Ne6+ Kg8 52. Rb8+ Kh7 53. Nf8+ Kh6 54. Nd7 Bg6+ 55. Ke6
Kh7 56. Nf8+ Kh6 57. Nd7) 48. Rb8+ $1 (48. Rxb5 $143 Ra1 49. Kh2 Ra2 50. Ra5 (
50. Ne6+ $2 Kf7 51. Nxf4 Bxf3) 50... Rb2 51. Nd3 Rd2 $11) 48... Kf7 $1 (48...
Ke7 $143 49. Rxb5 Ra1 $140 50. Kh2 Ra2 51. Ra5 Rb2 52. Nd3 Rd2 53. Nxe5 $1) 49.
Rxb5 Ra1 50. Kh2 Ra2 51. Kg1 Ra1+ 52. Kh2 Ra2 53. Ra5 Rb2 54. Nd3 Rb3 (54...
Rd2 {is now met by} 55. Rd5 {[%cal Rd3e5]}) 55. Rd5 $6 {After this move
White's pieces are tied up, and Black easily reaches the draw.} (55. Nxf4 $142
$1 Bxf3 $1 56. gxf3 exf4 57. Kg2 Rxb4 58. Kh3 {- White wins the f4 pawn and
can torture Black in the "3 vs 2" rook endgame for quite a while.}) 55... Kg6
56. Kg1 Kh6 57. Rd8 Kh7 58. Rd7 Kg8 59. Rd8+ Kh7 60. Rd7 (60. Kf2 Bf7 $11 {
[%cal Yf7c4]}) 60... Kg8 61. Rd8+ 1/2-1/2

[Event "Biel GM 42nd"]
[Site "Biel"]
[Date "2009.07.29"]
[Round "9"]
[White "Ivanchuk, Vassily"]
[Black "Morozevich, Alexander"]
[Result "0-1"]
[WhiteElo "2703"]
[BlackElo "2751"]
[Annotator "RR"]
[PlyCount "76"]
[EventDate "2009.07.19"]
[EventType "tourn"]
[EventRounds "10"]
[EventCountry "SUI"]
[EventCategory "19"]
[SourceTitle "CBM 132"]
[Source "ChessBase"]
[SourceDate "2009.09.16"]
[SourceVersion "1"]
[SourceVersionDate "2009.09.16"]
[SourceQuality "1"]

1. Nf3 d5 2. d4 Nf6 3. c4 e6 4. Nc3 dxc4 5. e3 a6 6. a4 b6 (6... c5 {would
lead to a major main line. würde zu einer großen Hauptvariante führen.}) 7.
Bxc4 Bb7 8. O-O Bb4 9. Qb3 Nc6 10. Rd1 Bd6 11. Qc2 Nb4 12. Qe2 Ne4 13. Nxe4
Bxe4 14. Bd2 Bxf3 {In a weaker player, this move would be mercilessly
criticised: White gets the two bishops and there is no doubt that he is better
off.   Bei einem schwächeren Spieler würde man diesen Zug ohne Pardon tadeln:
Weiß erhält das Läuferpaar und steht zweifellos besser.} 15. Qxf3 O-O 16. a5 c6
{Another surprising move.  Noch ein überraschender Zug.} 17. axb6 Qxb6 18. h4
a5 19. h5 Be7 20. Rdc1 {Here, and one move later, White could play Hier wie
auch einen Zug später konnte Weiß gut} (20. h6 {. spielen.}) 20... Rfc8 21. b3
h6 22. Ra4 $6 {Not very convincing. White should do something to allow himself
to meet ...Nd5 with e4 without any problems. Das kann nicht überzeugen. Weiß
sollte etwas tun, um auf ...Nd5 problemlos mit e4 antworten zu können.} Nd5 $1
23. e4 Bb4 {This is the point of it - a pair of minor pieces is exchanged and
White's previously clear advantage disappears.  Das ist der Witz - eine
Leichtfigur wird getauscht und der ehemals deutliche weiße Vorteil
verschwindet.} 24. exd5 (24. Be3 Nxe3 25. fxe3 {was perhaps worth a try. war
vielleicht einen Versuch wert.}) 24... Bxd2 25. dxe6 ({Or Oder} 25. Rc2 cxd5
26. Rxd2 dxc4 27. bxc4 {with equality. mit Ausgleich.}) 25... Bxc1 26. Qxf7+ $2
{Ivanchuk overlooks the defence provided by moves 27 and 28. Iwantschuk
übersieht die Verteidigung im 27. und 28. Zug.} (26. e7 Qa7 27. Qxf7+ Kh8 28.
Bd3 Bg5 29. Qg6 Kg8 30. Bc4+ Kh8 31. Bd3 {would have led to a draw. hätte zum
Remis geführt.}) 26... Kh8 27. Bd3 Qd8 $1 28. Qg6 Qg8 {An unpleasant surprise
- the only threat has been parried, White cannot strengthen his attack.  Eine
unangenehme Überraschung - die einzige Drohung ist pariert, Weiß kann seinen
Angriff nicht verstärken.} 29. Rc4 Ba3 30. g3 Be7 31. d5 cxd5 32. Rf4 Bd6 33.
Rf7 Rc7 34. Rd7 Be5 35. Qf5 Rxd7 36. exd7 Bc7 37. Bb5 Rf8 38. Qg6 Qf7 0-1